| 000 | 00752nam a22001937a 4500 | ||
|---|---|---|---|
| 001 | BD-DhSAU 2799 | ||
| 003 | BD-DhSAU | ||
| 005 | 20150202145344.0 | ||
| 008 | 150202b1984 bg a|||| |||| 00| 0 b d | ||
| 040 | _aBD-DhSAU | ||
| 082 |
_222 _a৫৩০ _bখন্দবি |
||
| 100 | _aখন্দকার, আবুল আব্বাস | ||
| 245 |
_aবিজ্ঞানে শব্দের কথা / _cআবুল আব্বাস খন্দকার |
||
| 250 | _a২য় খন্ড | ||
| 260 |
_aঢাকা : _bবাংলা একাডেমী ; _c১৯৮৪। |
||
| 300 |
_aviii, ১৫২ পৃ.: _bচিএ, _c২১ সে.মি. |
||
| 590 | _aIMRAN | ||
| 650 | _aবিজ্ঞানে শব্দের কথা | ||
| 942 |
_2ddc _cBOOK |
||
| 999 |
_c2799 _d2799 |
||